| 000 | 00666nam a22002057a 4500 | ||
|---|---|---|---|
| 999 |
_c15389 _d15389 |
||
| 003 | AR-CdUCM | ||
| 008 | 190427b ||||| |||| 00| 0 spa d | ||
| 020 | _a978-607-618-410-3 | ||
| 040 |
_aMUNICIPALIDAD PROVINCIAL DEL CUSCO _cBIBLIOTECA MUNICIPAL DEL CUSCO |
||
| 082 |
_aPI / 376.1 / _bI45 |
||
| 245 | _aMi cajita de animales para proteger / | ||
| 260 |
_aMéxico : _bSilver Dolphin, _c2014. |
||
| 300 |
_bIlustraciones de animales, _c32 cm. |
||
| 500 | _aNo cuenta con numeración de paginas | ||
| 650 |
_aAnimales para proteger _934446 |
||
| 650 |
_aInfantil _96210 |
||
| 650 |
_aPrimera infancia _924660 |
||
| 942 |
_2ddc _cLIBROS |
||
| 945 |
_adavv _d27/04/2019 |
||